A dictionary of synonyms and antonyms / (Record no. 122963)

MARC details
000 -LEADER
fixed length control field 00606nam a22002057a 4500
005 - DATE AND TIME OF LATEST TRANSACTION
control field 20170124105918.0
010 ## - LIBRARY OF CONGRESS CONTROL NUMBER
LC control number B-045721
020 ## - INTERNATIONAL STANDARD BOOK NUMBER
International Standard Book Number 0198602863
Terms of availability 00.00
035 ## - SYSTEM CONTROL NUMBER
System control number B-045721
037 ## - SOURCE OF ACQUISITION
Source of stock number/acquisition Cen Lib/Ret
040 ## - CATALOGING SOURCE
Original cataloging agency DPL
Language of cataloging EN
082 ## - DEWEY DECIMAL CLASSIFICATION NUMBER
Classification number 483
Item number DIC
245 ## - TITLE STATEMENT
Title A dictionary of synonyms and antonyms /
Statement of responsibility, etc compiled by Alan Spooner
260 ## - PUBLICATION, DISTRIBUTION, ETC. (IMPRINT)
Place of publication, distribution, etc Oxford
Name of publisher, distributor, etc Oxford University Press
Date of publication, distribution, etc 1999
270 ## - ADDRESS
City Oxford
Address Great Clarendon Street
300 ## - PHYSICAL DESCRIPTION
Extent 572p.
Dimensions 20cm(Hb)
650 ## - SUBJECT ADDED ENTRY--TOPICAL TERM
Topical term or geographic name as entry element English Grammar
Form subdivision Dictionary
9 (RLIN) 3317
700 ## - ADDED ENTRY--PERSONAL NAME
Personal name Spooner, Alan
9 (RLIN) 21744
942 ## - ADDED ENTRY ELEMENTS (KOHA)
Source of classification or shelving scheme Dewey Decimal Classification
Koha item type English Books
Classification part 483
Call number suffix DIC
Holdings
Withdrawn status Lost status Damaged status Not for loan Collection code Home library Current library Date acquired Source of acquisition Cost, normal purchase price Total Checkouts Full call number Barcode Date last seen Copy number Cost, replacement price Price effective from Koha item type
      Not For Loan Reference Central Library Central Library 01/06/2015 Cen Lib/Ret 0.00   483 DIC B-045721 01/06/2015 1 0.00 15/09/2016 English Books

© Delhi Public Library
Hit Counter
free hit counter